|
|
|
|
| LEADER |
00568nam a22001337a 4500 |
| 082 |
|
|
|a 340
|b DIW.D
|
| 100 |
|
|
|a Diwan, Paras
|a Kumar, Virendra, Ed.
|
| 245 |
|
|
|a Directive principles jurisprudence. 2V
|
| 260 |
|
|
|a Delhi
|b Seema
|c 1982
|
| 650 |
|
|
|a Socio economic revolution
|
| 942 |
|
|
|c BK
|
| 999 |
|
|
|c 12085
|d 12085
|
| 952 |
|
|
|0 0
|1 0
|4 0
|6 340_000000000000000_DIW_D_1
|7 0
|9 14225
|a CAMPUS
|b CAMPUS
|d 2017-07-20
|l 0
|o 340 DIW.D.1
|p 02818
|r 2017-07-20
|w 2019-07-15
|y BK
|
| 952 |
|
|
|0 0
|1 0
|4 0
|6 340_000000000000000_DIW_D_2
|7 0
|9 14226
|a CAMPUS
|b CAMPUS
|d 2017-07-20
|l 0
|o 340 DIW.D.2
|p 02819
|r 2017-07-20
|w 2019-07-15
|y BK
|